000 01478nam a2200265 4500
999 _c3175
_d3175
020 _a0071635318
020 _a1282584448
020 _a9781282584440
050 _aHG4026
_b.Sh6
100 _aShim, Jae K.;
110 _aShim, Jae K.; Joel G Siegel
245 _aSchaum's Outline of Financial Management, Third Edition.
250 _a3rd ed.
260 _aNew York,
_bMcGraw-Hill
_c2007
300 _aviii, 488 p.;
_billus.,
_c27 cm.
440 _aSchaum's Outline.
500 _aIncludes Index
505 _aChapter 1: Introduction Chapter 2: Analysis of Financial Statements and Cash Flow Chapter 3: Financial Forecasting, Planning and Budgeting Chapter 4: The Management of Working Capital Chapter 5: Short-Term Financing Chapter 6: Time Value of Money Chapter 7: Risk, Return and Valuation Chapter 8: Capital Budgeting (Including Leasing) Chapter 9: Capital Budgeting Under Risk Chapter 10: Cost of Capital Chapter 11: Leverage and Capital Structure Chapter 12: Dividend Policy Chapter 13: Term Loans and Leasing Chapter 14: Long - Term Debt Chapter 15: Preferred and Common Stock Chapter 16: Hybrids, Derivatives and Risk Management Chapter 17: Mergers and Acquisitions Chapter 18: Failure and Reorganization Chapter 19: MultiNational Finance
650 _aBusiness enterprises
_xFinance.
650 _aCorporations -- Finance.
650 _aManagerial accounting.
700 _aShim, Jae K.;
710 _aJoel G Siegel
942 _cBK